| 000 | 00907nam a2200217Ia 4500 | ||
|---|---|---|---|
| 008 | 191130s2010##################000#0#eng## | ||
| 020 | _a9780444518798 | ||
| 040 |
_aACL _cACL |
||
| 082 | _a332.015118 BEN | ||
| 245 |
_aMathematical modelling and numerical methods in finance, volume 15: special volume (handbook of numerical analysis) _cgeneral ed. P.G. Ciarlet ; guest ed. Alain Bensoussan, Qiang Zhang |
||
| 260 |
_aAmsterdam ; New York _bDistributors for the United States and Canada, Elsevier Science Pub. Co., North-Holland , North-Holland Elsevier _c2010 |
||
| 300 | _axv, 726 p. : ill. (some col.) ; 25 cm | ||
| 500 | _aIncludes bibliographical references and indexes | ||
| 650 | _aFinance -- Mathematical models | ||
| 650 | _aNumerical analysis | ||
| 700 | _aBensoussan, Alain | ||
| 700 | _aZhang, Qiang | ||
| 990 | _a28920a72ac10000c363def330a7f77e7 | ||
| 991 | _a146525 | ||
| 999 |
_c5648 _d5648 |
||